000 01457cam a2200361 a 4500
001 3752714
003 3752714
005 20160419142011.0
008 820401s1982 nyua j 000 0 eng
010 _a 82070410
020 _a0590077910
040 _aDLC
_cDLC
_dDLC
041 1 _aengger
042 _alcac
043 _ae-gx---
050 0 0 _aER R11
082 0 0 _a398.2/1/0943
130 0 _aKinder- und Hausmärchen.
_kSelections.
_lEnglish.
245 1 0 _aFavorite tales from Grimm /:
_bRapunzel
_cillustrated by Mercer Mayer ; text retold by Nancy Garden.
260 _aNew York :
_bFour Winds Press,
_cc1995.
300 _a224 p. :
_bill. ;
_c24 cm.
500 _aTranslation of selected tales from: Kinder- und Hausmärchen.
505 0 _aLittle Snow White -- Rumplestiltskin -- The two brothers -- Allerleirauh -- The goose girl -- Little Red Cap -- The Bremen town musicians -- Snow White and Rose Red -- Fundevogel -- Rapunzel -- Hansel and Gretel -- The fisherman and his wife -- The valiant little tailor -- Little Briar Rose -- Thumbling -- The golden bird -- Cinderella -- The six swans -- The girl without hands -- Fitcher's bird.
650 0 _aFairy tales
_zGermany.
650 1 _aFairy tales.
650 1 _aFolklore
_zGermany.
700 1 _aMayer, Mercer,
_d1943-
700 1 _aGrimm, Jacob,
_d1785-1863.
700 1 _aGrimm, Wilhelm,
_d1786-1859.
700 1 _aGarden, Nancy.
942 _2ddc
_cBK
999 _c293668
_d293668